Vector Mechanics for Engineers: (Record no. 590019)

000 -LEADER
fixed length control field 00521nam a22001577a 4500
020 ## - INTERNATIONAL STANDARD BOOK NUMBER
International Standard Book Number 9781259062919
040 ## - CATALOGING SOURCE
Transcribing agency NUST
082 ## - DEWEY DECIMAL CLASSIFICATION NUMBER
Classification number 620.105 BEE
100 ## - MAIN ENTRY--PERSONAL NAME
Personal name Beer, Ferdinand P.
110 ## - MAIN ENTRY--CORPORATE NAME
Corporate name or jurisdiction name as entry element Johnston, E. Russell. Mazurek, David F. Cornwell, Philip J. Sanghi, Sanjeev. Self, Brian P.
9 (RLIN) 91898
245 ## - TITLE STATEMENT
Title Vector Mechanics for Engineers:
Remainder of title Statics and Dynamics
250 ## - EDITION STATEMENT
Edition statement 10th Edition
260 ## - PUBLICATION, DISTRIBUTION, ETC.
Place of publication, distribution, etc. New Delhi:
Name of publisher, distributor, etc. McGraw Hill Education,
Date of publication, distribution, etc. 2013.
650 ## - SUBJECT ADDED ENTRY--TOPICAL TERM
Topical term or geographic name entry element Vector Mechanics for Engineers
9 (RLIN) 91899
942 ## - ADDED ENTRY ELEMENTS (KOHA)
Source of classification or shelving scheme
Koha item type Book
Holdings
Withdrawn status Lost status Source of classification or shelving scheme Damaged status Not for loan Permanent Location Current Location Shelving location Date acquired Total Checkouts Full call number Barcode Date last seen Date last checked out Price effective from Koha item type Checked out
          College of Electrical & Mechanical Engineering (CEME) College of Electrical & Mechanical Engineering (CEME) General Stacks 05/27/2022 1 620.105 BEE CEME-48022 01/27/2026 12/22/2022 05/27/2022 Book  
          College of Electrical & Mechanical Engineering (CEME) College of Electrical & Mechanical Engineering (CEME) General Stacks 05/27/2022 2 620.105 BEE CEME-48021 11/10/2025 11/10/2025 05/27/2022 Book 12/10/2025
© 2023 Central Library, National University of Sciences and Technology. All Rights Reserved.